000 00332nam a22001217a 4500
999 _c12039
_d12039
020 _a978-969-8373-03-0
082 _a370.95
100 _aIqbal S.Hussain
245 _aCrises, Crises & Crises
_bPakistan from Dictatorship to Democracy
260 _aLahore
_bHumanity International Publishers
_c2007
300 _a366
942 _cBK